| 000 | 00633nam a2200193Ia 4500 | ||
|---|---|---|---|
| 999 |
_c55234 _d55234 |
||
| 003 | GCL | ||
| 005 | 20240530105344.0 | ||
| 008 | 140319s9999 xx 000 0 ara d | ||
| 040 |
_aGCL / _cGCL |
||
| 082 | 0 | 4 |
_a251.222 _bا ا |
| 100 | 1 | _aابراهيم بشير الغويل | |
| 245 | 1 | 0 |
_aالاصل هو الاباحة والتجريم استثناء ولكن / _cابراهيم بشير الغويل |
| 260 |
_a[S.N] : _bدار الافاق الجديدة ، _c1987 |
||
| 300 | _a117 ص | ||
| 650 | 0 | 4 | _aالاسلام |
| 650 | 0 | 4 | _aالاحكام الشرعية |
| 650 | 0 | 4 | _aالحلال والحرام |
| 942 |
_2ddc _cBK |
||